哥本哈根三部曲 (Record no. 7637)
[ view plain ]
| 000 -LEADER | |
|---|---|
| fixed length control field | 01180cam a2200373 i 4500 |
| 001 - CONTROL NUMBER | |
| control field | 1075817 |
| 003 - CONTROL NUMBER IDENTIFIER | |
| control field | YEEZEN |
| 005 - DATE AND TIME OF LATEST TRANSACTION | |
| control field | 20250509153102.0 |
| 008 - FIXED-LENGTH DATA ELEMENTS--GENERAL INFORMATION | |
| fixed length control field | 220428s2022 ch a e 000 1dchi d |
| 020 ## - INTERNATIONAL STANDARD BOOK NUMBER | |
| International Standard Book Number | 9786269574803 |
| Qualifying information | (平裝) : |
| Terms of availability | NT$330 |
| 020 ## - INTERNATIONAL STANDARD BOOK NUMBER | |
| International Standard Book Number | 9786269574810 |
| Qualifying information | (PDF) |
| 020 ## - INTERNATIONAL STANDARD BOOK NUMBER | |
| International Standard Book Number | 9786269574827 |
| Qualifying information | (EPUB) |
| 040 ## - CATALOGING SOURCE | |
| Original cataloging agency | CIP |
| Language of cataloging | chi |
| Transcribing agency | CIP |
| Modifying agency | TWFJU |
| Description conventions | ccr |
| Modifying agency | PTTCL |
| 041 1# - LANGUAGE CODE | |
| Language code of text/sound track or separate title | chi |
| Language code of original | dan |
| 042 ## - AUTHENTICATION CODE | |
| Authentication code | nbic |
| 084 ## - OTHER CLASSIFICATION NUMBER | |
| Classification number | 881.557 |
| Item number | 3524 v.1 |
| Number source | ncsclt |
| 090 ## - LOCALLY ASSIGNED LC-TYPE CALL NUMBER (OCLC); LOCAL CALL NUMBER (RLIN) | |
| Classification number (OCLC) (R) ; Classification number, CALL (RLIN) (NR) | 881.557 |
| Local cutter number (OCLC) ; Book number/undivided call number, CALL (RLIN) | 3524 |
| 100 1# - MAIN ENTRY--PERSONAL NAME | |
| Personal name | Ditlevsen, Tove, |
| Dates associated with a name | 1917-1976. |
| 210 ## - ABBREVIATED TITLE | |
| Abbreviated title | 哥本哈根三部曲 |
| 222 ## - KEY TITLE | |
| Key title | 哥本哈根三部曲 |
| 240 10 - UNIFORM TITLE | |
| Uniform title | 哥本哈根三部曲 |
| Language of a work | 中文 |
| 245 10 - TITLE STATEMENT | |
| Title | 哥本哈根三部曲 |
| Number of part/section of a work | 1童年 2青春3毒藥: |
| Statement of responsibility, etc. | 托芙.迪特萊弗森(Tove Ditlevsen)著 ; 吳岫穎譯 |
| 246 1# - VARYING FORM OF TITLE | |
| Title proper/short title | 哥本哈根三部曲 |
| 246 1# - VARYING FORM OF TITLE | |
| Title proper/short title | 哥本哈根3部曲 |
| 250 ## - EDITION STATEMENT | |
| Edition statement | 初版 |
| 260 ## - PUBLICATION, DISTRIBUTION, ETC. | |
| Place of publication, distribution, etc. | 新北市 : |
| Name of publisher, distributor, etc. | 潮浪文化, |
| Date of publication, distribution, etc. | 2022.04.05.07月 |
| 300 ## - PHYSICAL DESCRIPTION | |
| Extent | 186 面 : |
| Other physical details | 圖 ; |
| Dimensions | 21 公分 |
| 490 0# - SERIES STATEMENT | |
| Series statement | 文學聚落 ; |
| Volume/sequential designation | 001. |
| 490 0# - SERIES STATEMENT | |
| Series statement | Village ; |
| Volume/sequential designation | 001. |
| 500 ## - GENERAL NOTE | |
| General note | 譯自 : Barndom : Kobenhavnertrilogi. I. |
| 700 1# - ADDED ENTRY--PERSONAL NAME | |
| Personal name | Ditlevsen, Tove, |
| Dates associated with a name | 1917-1976. |
| 700 1# - ADDED ENTRY--PERSONAL NAME | |
| Personal name | 吳岫穎 |
| 942 ## - ADDED ENTRY ELEMENTS (KOHA) | |
| Source of classification or shelving scheme | 中文圖書分類法 |
| Koha item type | 一般圖書 |
| 撤銷狀態 | 遺失狀態 | 分類號來源 | 損壞狀態 | 不外借 | 永久館藏地 | 現在館藏地 | 書架位置 | 採購日期 | 全部借出 | 全部續借 | 完整索書號 | 條碼號 | 最後一次日期記錄 | Date last checked out | 一般價格有效日期 | Koha館藏類型 | 公開資訊 |
|---|---|---|---|---|---|---|---|---|---|---|---|---|---|---|---|---|---|
| 未註銷館藏 | 未遺失 | 中文圖書分類法 | 未損毀 | 可外借 | 怡仁綜合醫院圖書館 | 怡仁綜合醫院圖書館 | 2025-05-09 | 3 | 1 | 881.557 1.童年 | C03221 | 2025-10-16 | 2025-10-15 | 2025-05-09 | 一般圖書 | 出身於哥本哈根的工人階級社區,托芙自幼即感到自己與週遭世界格格不入。她早熟的心思只能被偽裝在童稚的軀體裡,對閱讀及創作的渴望卻已在心中生根萌芽。她意識到自己的內心有一種無以名狀的渴望 | |
| 未註銷館藏 | 未遺失 | 中文圖書分類法 | 未損毀 | 可外借 | 怡仁綜合醫院圖書館 | 怡仁綜合醫院圖書館 | 2025-05-09 | 2 | 1 | 881.557 2.青春 | C03222 | 2026-01-23 | 2026-01-14 | 2025-05-09 | 一般圖書 | 出身於工人階級家庭,托芙被迫提前離開學校,開始卑微的低薪工作及曲折的職業生涯。但她渴望詩歌,渴望愛情,渴望真正的生活,也面臨著青春期的陣痛與考驗:艱難的職場文化及勞資關係、情感問題,同時仍然堅定追求創作的夢想。 | |
| 未註銷館藏 | 未遺失 | 中文圖書分類法 | 未損毀 | 可外借 | 怡仁綜合醫院圖書館 | 怡仁綜合醫院圖書館 | 2025-05-09 | 881.557 3.毒藥 | C03223 | 2025-05-09 | 2025-05-09 | 一般圖書 | 第三任丈夫讓她陷入成癮問題,她沉浸在迷幻感及創作欲裡無法自拔。書中對成癮及戒斷的描述驚心動魄,讓人不忍。第四任丈夫則伴她度過戒斷之路,走向另一段人生。她曾在書裡寫到,寫作是唯一令她感到快樂與平靜的事。她將自己生命裡的疑惑、苦痛、掙扎、快樂,誠實坦率地訴諸筆下。全書真實描繪了一個女人經歷愛情、友誼、野心和成癮的灼熱旅程。 |